The tenant of Wildfell Hall / (Record no. 751)
[ view plain ]
| 000 -LEADER | |
|---|---|
| fixed length control field | 00714 am a2200205 4500 |
| 003 - CONTROL NUMBER IDENTIFIER | |
| control field | IeDuTC |
| 005 - DATE AND TIME OF LATEST TRANSACTION | |
| control field | 20181127162633.0 |
| 008 - FIXED-LENGTH DATA ELEMENTS--GENERAL INFORMATION | |
| fixed length control field | 800104s1979 enkc 000 1 eng |
| 020 ## - INTERNATIONAL STANDARD BOOK NUMBER | |
| International Standard Book Number | 9780140624281 |
| 100 1# - MAIN ENTRY--PERSONAL NAME | |
| Personal name | Bronte, Anne, |
| Dates associated with a name | 1820-1849. |
| 245 14 - TITLE STATEMENT | |
| Title | The tenant of Wildfell Hall / |
| Statement of responsibility, etc. | Anne Bronte. |
| 260 ## - PUBLICATION, DISTRIBUTION, ETC. | |
| Place of publication, distribution, etc. | London, England : |
| Name of publisher, distributor, etc. | Penguin Books, |
| Date of publication, distribution, etc. | 1994. |
| 300 ## - PHYSICAL DESCRIPTION | |
| Extent | 511 p. : |
| Dimensions | 18 cm. |
| 440 #0 - SERIES STATEMENT/ADDED ENTRY--TITLE | |
| Title | Penguin popular classics. |
| 650 ## - SUBJECT ADDED ENTRY--TOPICAL TERM | |
| Topical term or geographic name entry element | Alcoholics |
| Form subdivision | Fiction. |
| General subdivision | |
| Chronological subdivision | |
| Geographic subdivision | |
| Source of heading or term | |
| Topical term or geographic name entry element | Married women |
| Form subdivision | Fiction. |
| General subdivision | |
| Chronological subdivision | |
| Geographic subdivision | |
| Source of heading or term | |
| Topical term or geographic name entry element | Landlord and tenant --Fiction. |
| 651 ## - SUBJECT ADDED ENTRY--GEOGRAPHIC NAME | |
| Geographic name | England |
| Form subdivision | Fiction. |
| General subdivision | |
| Chronological subdivision | |
| Geographic subdivision | |
| Source of heading or term | |
| 856 ## - ELECTRONIC LOCATION AND ACCESS | |
| Host name | |
| Uniform Resource Identifier | <a href="http://www2.hn.psu.edu/faculty/jmanis/bronte/Tenant-Wildfell.pdf">http://www2.hn.psu.edu/faculty/jmanis/bronte/Tenant-Wildfell.pdf</a> |
| Link text | The tenant of Wildfell Hall |
| Public note | |
| Materials specified | |
| Withdrawn status | Lost status | Source of classification or shelving scheme | Damaged status | Not for loan | Collection code | Home library | Current library | Shelving location | Date acquired | Serial Enumeration / chronology | Inventory number | Total Checkouts | Full call number | Barcode | Date last seen | Date last checked out | Price effective from | Koha item type |
|---|---|---|---|---|---|---|---|---|---|---|---|---|---|---|---|---|---|---|
| Dewey Decimal Classification | Main TEST | RTC Library | RTC Library | Main opac | 11/10/2022 | 4120 | 1 | 823.8 BRO | 30002133 | 27/10/2022 | 11/10/2022 | 27/11/2018 | Main |